000 00797nas a2200253 4500
001 BR9600744
003 BR-BrBNA
005 20231205095658.0
007 ta
008 230509b bl.|||p| |||| 00| 00por d
040 _aBR-BrBNA
_bpor
_cBiblioteca Nacional de Agricultura
041 _a(Pt)
072 _aL53; L02
100 1 _aDeschamps, J.C.
100 1 _aSechin, A.
245 1 _aAumento da produtividade biologica das porcas atraves da administracao de vitaminas e gonadotrofinas
650 _aSUÍNO
650 _aVitamina A
650 _aHormonio Animal
650 _aReproducao Animal
773 0 _tRevista Brasileira de Reproducao Animal (Brazil)
_xISSN 0102-0803
_g(1995), v. 19(1-2) p. 101-109
_wBR9600744
909 _a202311
_bLúcia
_c55
_dLúcia Elande
942 _2AGRIS
_n0
_cANA
999 _c152080
_d152080